Les drapeaux des états américains ; ce qu'ils représentent - Statistiques

Statistiques générales
  • Ce quiz a été pris 14 fois
    9 depuis la dernière actualisation
  • Le résultat moyen est 25 sur 202
Statistiques - réponses
Initiale ANIMAL(AUX) % Correct
C Californie
100%
D Dakota-du-Nord
50%
I Illinois
38%
K Kansas
38%
I Idaho
25%
I Iowa
25%
L Louisiane
25%
M Maine
25%
A Alabama
13%
A Alabama
13%
A Alaska
13%
A Arizona
13%
A Arkansas
13%
A Arkansas
13%
C Californie
13%
C Californie
13%
C Caroline-du-Nord
13%
C Caroline-du-Nord
13%
C Caroline-du-Sud
13%
C Caroline-du-Sud
13%
C Caroline-du-Sud
13%
C Colorado
13%
C Connecticut
13%
C Connecticut
13%
D Dakota-du-Nord
13%
D Dakota-du-Nord
13%
D Dakota-du-Nord
13%
D Dakota-du-Nord
13%
D Dakota-du-Sud
13%
D Dakota-du-Sud
13%
D Dakota-du-Sud
13%
D Dakota-du-Sud
13%
D Dakota-du-Sud
13%
D Delaware
13%
D Delaware
13%
D Delaware
13%
D Delaware
13%
D Delaware
13%
D Delaware
13%
F Floride
13%
F Floride
13%
F Floride
13%
F Floride
13%
F Floride
13%
F Floride
13%
G Géorgie
13%
G Géorgie
13%
G Géorgie
13%
H Hawaï
13%
H Hawaï
13%
I Idaho
13%
I Idaho
13%
I Idaho
13%
I Idaho
13%
I Illinois
13%
I Illinois
13%
I Illinois
13%
I Illinois
13%
I Illinois
13%
I Illinois
13%
I Indiana
13%
I Indiana
13%
I Iowa
13%
K Kansas
13%
K Kansas
13%
K Kansas
13%
K Kansas
13%
K Kansas
13%
K Kansas
13%
K Kansas
13%
K Kansas
13%
K Kentucky
13%
K Kentucky
13%
K Kentucky
13%
L Louisiane
13%
M Maine
13%
M Maine
13%
M Maine
13%
M Maine
13%
M Maine
13%
M Massachusetts
13%
M Massachusetts
13%
M Massachusetts
13%
M Massachusetts
13%
M Michigan
13%
M Michigan
13%
M Michigan
13%
M Minnesota
13%
M Minnesota
13%
M Minnesota
13%
M Minnesota
13%
M Minnesota
13%
M Mississippi
13%
M Mississippi
13%
M Mississippi
13%
M Missouri
13%
M Missouri
13%
M Missouri
13%
M Missouri
13%
M Missouri
13%
M Missouri
13%
M Montana
13%
M Montana
13%
M Montana
13%
M Montana
13%
M Montana
13%
N Nébraska
13%
N Nébraska
13%
N Nébraska
13%
N Nébraska
13%
N Nébraska
13%
N Nébraska
13%
N Nebraska
13%
N Nevada
13%
N Nevada
13%
N Nevada
13%
N New Jersey
13%
N New Jersey
13%
N New Jersey
13%
N New York
13%
N New York
13%
N New York
13%
N New York
13%
N Nouveau Mexique
13%
N Nouveau Mexique
13%
O Ohio
13%
O Ohio
13%
O Ohio
13%
O Oklahoma
13%
O Oklahoma
13%
O Oregon
13%
O Oregon
13%
O Oregon
13%
O Oregon
13%
O Oregon
13%
O Oregon
13%
O Oregon
13%
O Oregon
13%
O Oregon
13%
O Oregon
13%
P Pennsylvanie
13%
P Pennsylvanie
13%
P Pennsylvanie
13%
P Pennsylvanie
13%
P Pennsylvanie
13%
R Rhode Island
13%
R Rhode Island
13%
R Rhode Island
13%
T Tennessee
13%
T Tennessee
13%
T Texas
13%
T Texas
13%
U Utah
13%
U Utah
13%
U Utah
13%
U Utah
13%
U Utah
13%
V Vermont
13%
V Vermont
13%
V Vermont
13%
V Vermont
13%
V Virginie
13%
V Virginie
13%
V Virginie
13%
V Virginie occidentale
13%
V Virginie occidentale
13%
V Virginie occidentale
13%
V Virginie occidentale
13%
V Virginie occidentale
13%
V Virginie occidentale
13%
W Washington
13%
W Washington
13%
W Wisconsin
13%
W Wisconsin
13%
W Wisconsin
13%
W Wisconsin
13%
W Wisconsin
13%
W Wisconsin
13%
W Wyoming
13%
W Wyoming
13%
W Wyoming
13%
A Alaska
0%
I Idaho
0%
M Maryland
0%
M Michigan
0%
M Michigan
0%
M Michigan
0%
M Minnesota
0%
M Minnesota
0%
M Minnesota
0%
N New Hampshire
0%
N New Hampshire
0%
N New Hampshire
0%
N New Hampshire
0%
N New Hampshire
0%
N New Hampshire
0%
N New Hampshire
0%
N New Jersey
0%
N New Jersey
0%
N New York
0%
N New York
0%
N New York
0%
Aucun quiz correspondant
Distribution des résultats
% des personnes avec chaque résultat
Percentile par nombre de réponses
Votre historique - résultats
Vous n’avez pas pris ce quiz depuis la dernière actualisation